000 01170nam a2200289 i 4500
001 178555
003 ES-MaACL
005 20250811062537.0
008 110607s1983 sp |||| | spa d
020 _a84-7483-319-1
080 _a821.134.2-2
245 0 0 _aTeatro español.
_nIV.
260 _aMadrid :
_bMinisterio de Cultura, Subdirección General de Estudios y Coordinación,
_c[1983]
300 _a160 p. ;
_c21 cm.
505 8 _aContiene: Égloga de los pastores (o Coplas de Zambardo) / Juan de la Encina. Los siete infantes de Lara / Juan de la Cueva. El sí de las niñas / Leandro Fernández de Moratín
650 4 _aTeatro español-
_yS.XVI-XVII.
_917350
650 4 _aTeatro español-
_yS.XVIII.
_917355
700 1 _aEncina, Juan del,
_d1469-1529
_947173
700 1 _aCueva, Juan de la.
_9146967
700 1 _aFernández de Moratín, Leandro,
_d1760-1828
_949695
710 1 _aEspaña.
_bMinisterio de Cultura
_93850
740 0 2 _aÉgloga de los pastores (o coplas de Zambardo)
740 4 2 _aLos siete infantes de Lara.
740 3 2 _aEl sí de las niñas.
852 _aES-MaACL
_jE-15331
_xOlim P-247
999 _c178555
_d178555